000
00317nam a2200109Ia 4500
008
160609s9999 xx 000 0 und d
100
_a
Mangion, Claude.
245
_a
Philosophical Approaches To Communication
245
_c
By:Claude Mangion
260
_c
2011
856
_u
http://file.ebook777.com/007/PhiAppToCom.pdf
999
_c
295685
_d
295685